Loading...
| Fine Arts - Classical Music | 2 | 15.00 | 100% | 0% | 50% |
| Fine Arts - Other Fine Arts | 3 | 16.67 | 100% | 67% | 0% |
| Fine Arts - Visual Fine Arts | 7 | 11.43 | 86% | 14% | 14% |
| Geography/Current Events | 1 | 20.00 | 100% | 100% | 0% |
| History - American History | 4 | 15.00 | 75% | 50% | 25% |
| History - European History | 4 | 15.00 | 100% | 50% | 0% |
| History - Other History | 2 | 10.00 | 100% | 0% | 0% |
| History - World History | 5 | 14.00 | 80% | 60% | 0% |
| Literature - American Literature | 7 | 17.14 | 100% | 57% | 14% |
| Literature - British Literature | 6 | 11.67 | 67% | 33% | 17% |
| Literature - European Literature | 1 | 20.00 | 100% | 100% | 0% |
| Literature - World/Other Literature | 6 | 15.00 | 100% | 50% | 0% |
| Mythology | 6 | 15.00 | 50% | 50% | 50% |
| Other Academic | 2 | 15.00 | 50% | 50% | 50% |
| Philosophy | 5 | 10.00 | 60% | 40% | 0% |
| Religion | 5 | 12.00 | 100% | 20% | 0% |
| Science - Biology | 4 | 7.50 | 25% | 25% | 25% |
| Science - Chemistry | 8 | 8.75 | 38% | 50% | 0% |
| Science - Other Science | 8 | 11.25 | 75% | 25% | 13% |
| Science - Physics | 6 | 11.67 | 67% | 17% | 33% |
| Social Science | 5 | 10.00 | 100% | 0% | 0% |
| World/Other Literature> | 1 | 20.00 | 100% | 0% | 100% |